Finale du Top 14 2022-23 : Toulouse - La Rochelle - Statistiques

Statistiques générales
  • Ce quiz a été pris 693 fois
  • Le résultat moyen est 27 sur 48
Statistiques - réponses
Equipe Joueur % Correct
Toulouse Antoine Dupont
98%
Toulouse Romain Ntamack
95%
Toulouse Thomas Ramos
93%
Toulouse Cyril Baille
87%
Toulouse Julien Marchand
87%
La Rochelle Grégory Alldritt
80%
Toulouse François Cros
79%
Toulouse Matthis Lebel
79%
La Rochelle Uini Atonio
78%
Toulouse Dorian Aldegheri
74%
Toulouse Emmanuel Meafou
74%
Toulouse Peato Mauvaka
73%
La Rochelle Brice Dulin
72%
Toulouse Thibaud Flament
71%
La Rochelle Antoine Hastoy
70%
La Rochelle Pierre Bourgarit
65%
Toulouse Richie Arnold
65%
Toulouse Pita Ahki
64%
Toulouse Santiago Chocobares
64%
Toulouse Alexandre Roumat
63%
Toulouse Ugo Mola
63%
La Rochelle Will Skelton
63%
Toulouse Juan Cruz Mallía
60%
La Rochelle Reda Wardi
59%
Toulouse Jack Willis
58%
La Rochelle Jonathan Danty
58%
La Rochelle Tawera Kerr-Barlow
58%
La Rochelle Paul Boudehent
54%
La Rochelle Ronan O'Gara
53%
La Rochelle Ulupano Seuteni
52%
La Rochelle Dillyn Leyds
51%
Toulouse Arthur Retière
46%
La Rochelle Levani Botia
46%
Toulouse Rodrigue Neti
45%
La Rochelle Raymond Rhule
42%
La Rochelle Romain Sazy
40%
La Rochelle Georges-Henri Colombe
35%
Toulouse Pierre-Louis Barassi
34%
La Rochelle Thomas Lavault
30%
La Rochelle Jules Favre
27%
Toulouse Alban Placines
25%
Toulouse Charlie Faumuina
24%
Toulouse Selevasio Tolofua
24%
La Rochelle Thomas Berjon
24%
La Rochelle Quentin Lespiaucq
23%
La Rochelle Joel Sclavi
22%
La Rochelle Ultan Dillane
16%
La Rochelle Rémi Bourdeau
8%
Aucun quiz correspondant
Distribution des résultats
% des personnes avec chaque résultat
Percentile par nombre de réponses
Votre historique - résultats
Vous n’avez pas pris ce quiz